000 00401cam a2200133ua 4500
020 _a9789380026497
100 _aSharma A K,
_eEditor.
245 0 _aAgriculture diversification: problems and perspective
_hTextual Documents
250 _a1.
260 _aNew Delhi
_bI.K International Publishing House
_c2010
300 _a210.
700 _aRashmi Srivastava,
_eEditor.
700 _aSeema Wahab,
_eEditor.
999 _c13603
_d13603